[Event "DVM U14 2024"]
[Site "Heidelberg GER"]
[Date "2024.12.28"]
[Round "4"]
[White "Geschke, David"]
[Black "Riechenberg, Sebastian"]
[Result "0-1"]
[Termination "normal"]
[Board "1.2"]
[WhiteElo "1831"]
[BlackElo "2041"]
[WhiteClock "00:07:30"]
[BlackClock "00:26:03"]
[WhiteTeam "SG Porz"]
[BlackTeam "SV Erkenschwick 1923"]
[PlyCount "104"]
[WhiteFideId "34619658"]
[BlackFideId "34605231"]
[EventCountry "GER"]
[EventRounds "7"]
[EventType "team-swiss"]
[EventDate "2024.12.26"]

1. d4 {[%clk 01:30:57]} {[%emt 00:00:03]} Nf6 {[%clk 01:30:38]} {[%emt
00:00:23]} 2. c4 {[%clk 01:31:24]} {[%emt 00:00:04]} e6 {[%clk 01:31:00]}
{[%emt 00:00:07]} 3. Nc3 {[%clk 01:31:38]} {[%emt 00:00:14]} Bb4 {[%clk
01:31:21]} {[%emt 00:00:11]} 4. Nf3 {[%clk 01:31:34]} {[%emt 00:00:34]} c5
{[%clk 01:31:43]} {[%emt 00:00:08]} 5. e3 {[%clk 01:30:19]} {[%emt 00:01:45]}
O-O {[%clk 01:31:56]} {[%emt 00:00:17]} 6. Qc2 {[%clk 01:29:07]} {[%emt
00:01:42]} d5 {[%clk 01:30:13]} {[%emt 00:02:13]} 7. cxd5 {[%clk 01:27:29]}
{[%emt 00:02:08]} cxd4 {[%emt 00:00:56]} 8. Nxd4 {[%clk 01:26:15]} {[%emt
00:01:42]} exd5 {[%clk 01:27:07]} {[%emt 00:03:10]} 9. Bd2 {[%clk 01:21:16]}
{[%emt 00:05:31]} Nc6 {[%clk 01:27:07]} {[%emt 00:00:30]} 10. Nxc6 {[%clk
01:17:06]} {[%emt 00:04:40]} bxc6 {[%clk 01:27:30]} {[%emt 00:00:07]} 11. Bd3
{[%clk 01:16:40]} {[%emt 00:00:55]} c5 {[%clk 01:16:08]} {[%emt 00:11:52]} 12.
O-O {[%clk 01:11:05]} {[%emt 00:06:04]} Be6 {[%clk 01:04:19]} {[%emt 00:12:19]}
13. Rad1 {[%clk 01:08:59]} {[%emt 00:02:37]} Rc8 {[%clk 01:03:53]} {[%emt
00:00:57]} 14. Qb1 {[%clk 01:07:27]} {[%emt 00:02:03]} Ba5 {[%clk 01:02:49]}
{[%emt 00:01:33]} 15. Ne2 {[%clk 00:56:03]} {[%emt 00:11:52]} Bc7 {[%clk
00:58:30]} {[%emt 00:04:51]} 16. Bc3 {[%clk 00:54:03]} {[%emt 00:02:30]} h5
{[%clk 00:54:55]} {[%emt 00:04:04]} 17. Bf5 {[%clk 00:39:53]} {[%emt 00:14:39]}
Qd7 {[%clk 00:52:34]} {[%emt 00:02:52]} 18. Bxe6 {[%clk 00:35:29]} {[%emt
00:04:54]} fxe6 {[%clk 00:51:19]} {[%emt 00:01:46]} 19. Qc2 {[%clk 00:26:01]}
{[%emt 00:09:58]} e5 {[%clk 00:49:42]} {[%emt 00:02:06]} 20. f4 {[%clk
00:22:09]} {[%emt 00:04:22]} Rfe8 {[%clk 00:43:45]} {[%emt 00:06:27]} 21. Qg6
{[%clk 00:13:19]} {[%emt 00:09:20]} Qg4 {[%clk 00:41:12]} {[%emt 00:03:03]} 22.
Qxg4 {[%clk 00:12:00]} {[%emt 00:01:49]} Nxg4 {[%clk 00:41:30]} {[%emt
00:00:13]} 23. Rf3 {[%clk 00:11:05]} {[%emt 00:01:24]} d4 {[%clk 00:41:50]}
{[%emt 00:00:10]} 24. Bd2 {[%clk 00:08:19]} {[%emt 00:03:15]} e4 {[%clk
00:28:22]} {[%emt 00:13:59]} 25. Rh3 {[%clk 00:05:56]} {[%emt 00:02:54]} d3
{[%clk 00:26:56]} {[%emt 00:01:56]} 26. Nc3 {[%clk 00:01:15]} {[%emt 00:05:11]}
Nf6 {[%clk 00:24:46]} {[%emt 00:02:39]} 27. Rg3 {[%clk 00:01:19]} {[%emt
00:00:27]} Bb6 {[%clk 00:21:52]} {[%emt 00:03:24]} 28. Nb5 {[%clk 00:01:03]}
{[%emt 00:00:46]} Rc6 {[%clk 00:21:05]} {[%emt 00:01:17]} 29. Kf2 {[%clk
00:01:03]} {[%emt 00:00:31]} c4 {[%clk 00:20:51]} {[%emt 00:00:43]} 30. h3
{[%clk 00:01:12]} {[%emt 00:00:21]} Nd5 {[%clk 00:20:48]} {[%emt 00:00:33]} 31.
Nc3 {[%clk 00:01:28]} {[%emt 00:00:15]} Nxf4 {[%clk 00:18:57]} {[%emt
00:02:21]} 32. Rg5 {[%clk 00:00:59]} {[%emt 00:00:59]} Rg6 {[%clk 00:13:21]}
{[%emt 00:06:06]} 33. Rxg6 {[%clk 00:01:00]} {[%emt 00:00:29]} Nxg6 {[%clk
00:13:50]} {[%emt 00:00:02]} 34. Nd5 {[%clk 00:00:45]} {[%emt 00:00:45]} Ne5
{[%clk 00:12:24]} {[%emt 00:01:55]} 35. Bc3 {[%clk 00:00:54]} {[%emt 00:00:22]}
Kf7 {[%clk 00:11:17]} {[%emt 00:01:36]} 36. Bd4 {[%clk 00:00:49]} {[%emt
00:00:36]} Bxd4 {[%clk 00:10:02]} {[%emt 00:01:45]} 37. exd4 {[%clk 00:01:17]}
{[%emt 00:00:02]} Rd8 {[%clk 00:10:01]} {[%emt 00:00:31]} 38. Nc3 {[%clk
00:00:48]} {[%emt 00:00:59]} Nc6 {[%clk 00:07:22]} {[%emt 00:03:08]} 39. Ke3
{[%clk 00:00:56]} {[%emt 00:00:22]} Nxd4 {[%clk 00:06:59]} {[%emt 00:00:53]}
40. Kxe4 {[%clk 00:00:47]} {[%emt 00:00:39]} Ke6 {[%clk 00:03:48]} {[%emt
00:03:41]} 41. Rd2 {[%clk 00:28:09]} {[%emt 00:03:08]} g5 {[%clk 00:30:59]}
{[%emt 00:03:19]} 42. Nd1 {[%clk 00:26:08]} {[%emt 00:02:32]} Nf5 {[%clk
00:30:52]} {[%emt 00:00:37]} 43. Kf3 {[%clk 00:13:30]} {[%emt 00:13:08]} Rd4
{[%clk 00:28:12]} {[%emt 00:03:10]} 44. g3 {[%clk 00:13:23]} {[%emt 00:00:37]}
h4 {[%clk 00:23:57]} {[%emt 00:04:45]} 45. g4 {[%clk 00:08:38]} {[%emt
00:05:15]} Rf4+ {[%clk 00:23:44]} {[%emt 00:00:43]} 46. Kg2 {[%clk 00:09:06]}
{[%emt 00:00:02]} Nd6 {[%clk 00:23:49]} {[%emt 00:00:25]} 47. Nc3 {[%clk
00:08:30]} {[%emt 00:01:06]} Ne4 {[%clk 00:24:09]} {[%emt 00:00:09]} 48. Nxe4
{[%clk 00:08:30]} {[%emt 00:00:31]} Rxe4 {[%clk 00:24:39]} 49. Kf3 {[%clk
00:08:12]} {[%emt 00:00:48]} Kd5 {[%clk 00:24:41]} {[%emt 00:00:27]} 50. b3
{[%clk 00:08:03]} {[%emt 00:00:40]} Kd4 {[%clk 00:25:05]} {[%emt 00:00:06]} 51.
bxc4 {[%clk 00:07:19]} {[%emt 00:01:14]} Rf4+ {[%clk 00:25:34]} {[%emt
00:00:01]} 52. Kg2 {[%clk 00:07:30]} {[%emt 00:00:19]} Ke3 {[%clk 00:26:03]}
0-1

[Event "DVM U14 2024"]
[Site "Heidelberg GER"]
[Date "2024.12.28"]
[Round "4"]
[White "Retzlaff, Nick"]
[Black "Arne, Jonas"]
[Result "1/2-1/2"]
[Termination "normal"]
[Board "2.3"]
[WhiteElo "1979"]
[BlackElo "1823"]
[WhiteClock "00:02:08"]
[BlackClock "00:21:08"]
[WhiteTeam "SF 59 Kornwestheim"]
[BlackTeam "SK Kaiserslautern 1905"]
[PlyCount "99"]
[WhiteFideId "34610367"]
[BlackFideId "34640398"]
[EventCountry "GER"]
[EventRounds "7"]
[EventType "team-swiss"]
[EventDate "2024.12.26"]

1. e4 {[%clk 01:30:39]} {[%emt 00:00:21]} c5 {[%clk 01:30:52]} {[%emt
00:00:08]} 2. Nf3 {[%clk 01:31:07]} {[%emt 00:00:02]} a6 {[%clk 01:31:16]}
{[%emt 00:00:07]} 3. d4 {[%clk 01:31:28]} {[%emt 00:00:08]} cxd4 {[%clk
01:30:12]} {[%emt 00:01:34]} 4. Nxd4 {[%clk 01:31:21]} {[%emt 00:00:36]} Nf6
{[%clk 01:30:36]} {[%emt 00:00:07]} 5. Nc3 {[%clk 01:31:43]} {[%emt 00:00:08]}
e5 {[%clk 01:30:59]} {[%emt 00:00:07]} 6. Nb3 {[%clk 01:23:15]} {[%emt
00:08:58]} Bb4 {[%clk 01:31:15]} {[%emt 00:00:15]} 7. Bd2 {[%clk 01:14:34]}
{[%emt 00:09:10]} d6 {[%clk 01:26:18]} {[%emt 00:05:27]} 8. Bd3 {[%clk
01:14:10]} {[%emt 00:00:54]} O-O {[%clk 01:26:28]} {[%emt 00:00:19]} 9. O-O
{[%clk 01:12:13]} {[%emt 00:02:27]} Bxc3 {[%clk 01:26:00]} {[%emt 00:00:58]}
10. Bxc3 {[%clk 01:12:10]} {[%emt 00:00:33]} Nbd7 {[%clk 01:26:18]} {[%emt
00:00:12]} 11. f4 {[%clk 01:06:26]} {[%emt 00:06:14]} b6 {[%clk 01:21:24]}
{[%emt 00:05:24]} 12. Qe2 {[%clk 00:56:50]} {[%emt 00:10:06]} Bb7 {[%clk
01:18:19]} {[%emt 00:03:35]} 13. Rad1 {[%clk 00:54:06]} {[%emt 00:03:14]} Qe7
{[%clk 01:15:43]} {[%emt 00:03:06]} 14. a3 {[%clk 00:50:00]} {[%emt 00:04:36]}
Rfe8 {[%clk 01:08:26]} {[%emt 00:07:47]} 15. Rde1 {[%clk 00:44:08]} {[%emt
00:06:22]} Nf8 {[%clk 00:54:26]} {[%emt 00:14:29]} 16. Qe3 {[%clk 00:37:32]}
{[%emt 00:07:07]} Qc7 {[%clk 00:46:14]} {[%emt 00:08:43]} 17. Qg3 {[%clk
00:34:27]} {[%emt 00:03:35]} Nh5 {[%clk 00:42:14]} {[%emt 00:04:30]} 18. Qg4
{[%clk 00:34:03]} {[%emt 00:00:54]} Nf6 {[%clk 00:41:53]} {[%emt 00:00:51]} 19.
Qg3 {[%clk 00:34:28]} {[%emt 00:00:05]} Ng6 {[%clk 00:36:08]} {[%emt 00:06:14]}
20. fxe5 {[%clk 00:30:59]} {[%emt 00:03:58]} dxe5 {[%clk 00:35:41]} {[%emt
00:00:57]} 21. h4 {[%clk 00:25:40]} {[%emt 00:05:49]} Qc6 {[%clk 00:25:55]}
{[%emt 00:10:16]} 22. Rf5 {[%clk 00:23:02]} {[%emt 00:03:08]} Bc8 {[%clk
00:22:31]} {[%emt 00:03:55]} 23. Rf3 {[%clk 00:20:50]} {[%emt 00:02:42]} Nh5
{[%clk 00:14:57]} {[%emt 00:08:04]} 24. Qf2 {[%clk 00:17:38]} {[%emt 00:03:41]}
Nhf4 {[%clk 00:13:03]} {[%emt 00:02:24]} 25. Nd2 {[%clk 00:13:06]} {[%emt
00:05:02]} b5 {[%clk 00:08:40]} {[%emt 00:04:53]} 26. Rg3 {[%clk 00:08:50]}
{[%emt 00:04:46]} Qf6 {[%clk 00:05:32]} {[%emt 00:03:37]} 27. Nf3 {[%clk
00:06:30]} {[%emt 00:02:51]} h6 {[%clk 00:03:11]} {[%emt 00:02:52]} 28. Nxe5
{[%clk 00:02:36]} {[%emt 00:04:24]} Nxe5 {[%clk 00:02:20]} {[%emt 00:01:21]}
29. Bxe5 {[%clk 00:02:49]} {[%emt 00:00:17]} Qxe5 {[%clk 00:02:05]} {[%emt
00:00:44]} 30. Rf1 {[%clk 00:02:52]} {[%emt 00:00:27]} Bb7 {[%clk 00:00:45]}
{[%emt 00:01:50]} 31. Qxf4 {[%clk 00:03:02]} {[%emt 00:00:20]} Qxf4 {[%clk
00:01:06]} {[%emt 00:00:09]} 32. Rxf4 {[%clk 00:03:25]} {[%emt 00:00:07]} Re5
{[%clk 00:00:54]} {[%emt 00:00:41]} 33. Rgf3 {[%clk 00:03:14]} {[%emt
00:00:42]} f6 {[%clk 00:01:03]} {[%emt 00:00:21]} 34. Kf2 {[%clk 00:02:05]}
{[%emt 00:01:39]} Rae8 {[%clk 00:01:26]} {[%emt 00:00:06]} 35. Ke3 {[%clk
00:01:44]} {[%emt 00:00:51]} Kf7 {[%clk 00:01:14]} {[%emt 00:00:42]} 36. g4
{[%clk 00:01:05]} {[%emt 00:01:09]} Kg6 {[%clk 00:00:42]} {[%emt 00:01:02]} 37.
Rf5 {[%clk 00:00:44]} {[%emt 00:00:51]} Bc8 {[%clk 00:00:32]} {[%emt 00:00:40]}
38. Rxe5 {[%clk 00:00:46]} {[%emt 00:00:29]} Rxe5 {[%clk 00:01:01]} {[%emt
00:00:01]} 39. Kf4 {[%clk 00:00:39]} {[%emt 00:00:37]} h5 {[%clk 00:00:38]}
{[%emt 00:00:52]} 40. gxh5+ {[%clk 00:00:38]} {[%emt 00:00:32]} Kxh5 {[%clk
00:00:35]} {[%emt 00:00:33]} 41. Rg3 {[%clk 00:27:37]} {[%emt 00:03:30]} Re7
{[%clk 00:29:15]} {[%emt 00:01:50]} 42. Be2+ {[%clk 00:14:51]} {[%emt
00:13:15]} Kxh4 {[%clk 00:28:19]} {[%emt 00:01:27]} 43. Rg6 {[%clk 00:14:43]}
{[%emt 00:00:34]} Bd7 {[%clk 00:22:46]} {[%emt 00:06:07]} 44. c3 {[%clk
00:14:10]} {[%emt 00:01:03]} Bc8 {[%clk 00:22:41]} {[%emt 00:00:35]} 45. Bf3
{[%clk 00:12:28]} {[%emt 00:02:11]} Bd7 {[%clk 00:22:07]} {[%emt 00:01:05]} 46.
Be2 {[%clk 00:07:19]} {[%emt 00:05:37]} Bc8 {[%clk 00:21:53]} {[%emt 00:00:44]}
47. Bf3 {[%clk 00:06:04]} {[%emt 00:01:46]} Bd7 {[%clk 00:21:18]} {[%emt
00:01:04]} 48. Bg4 {[%clk 00:01:41]} {[%emt 00:04:54]} Bxg4 {[%clk 00:20:53]}
{[%emt 00:00:55]} 49. Rxg4 {[%clk 00:02:10]} {[%emt 00:00:01]} Kh5 {[%clk
00:21:08]} {[%emt 00:00:14]} 50. Rg2 {[%clk 00:02:08]} {[%emt 00:00:32]}
1/2-1/2

[Event "DVM U14 2024"]
[Site "Heidelberg GER"]
[Date "2024.12.28"]
[Round "4"]
[White "Han, Erdem"]
[Black "Dersewski, Jonas"]
[Result "1-0"]
[Termination "normal"]
[Board "3.2"]
[WhiteElo "1751"]
[BlackElo "1738"]
[WhiteClock "00:31:00"]
[BlackClock "00:03:50"]
[WhiteTeam "SSV Vimaria 91 Weimar"]
[BlackTeam "SC Noris-Tarrasch Nürnberg 1873"]
[PlyCount "61"]
[WhiteFideId "533000646"]
[BlackFideId "34641718"]
[EventCountry "GER"]
[EventRounds "7"]
[EventType "team-swiss"]
[EventDate "2024.12.26"]

1. d4 {[%clk 01:30:57]} {[%emt 00:00:02]} Nf6 {[%clk 01:30:53]} {[%emt
00:00:07]} 2. c4 {[%clk 01:31:23]} {[%emt 00:00:05]} g6 {[%clk 01:31:18]}
{[%emt 00:00:05]} 3. Nc3 {[%clk 01:31:43]} {[%emt 00:00:09]} Bg7 {[%clk
01:31:43]} {[%emt 00:00:05]} 4. e4 {[%clk 01:32:00]} {[%emt 00:00:13]} d6
{[%clk 01:32:08]} {[%emt 00:00:05]} 5. Nf3 {[%clk 01:32:18]} {[%emt 00:00:12]}
O-O {[%clk 01:32:31]} {[%emt 00:00:08]} 6. Be2 {[%clk 01:32:16]} {[%emt
00:00:32]} c5 {[%clk 01:32:45]} {[%emt 00:00:16]} 7. O-O {[%clk 01:31:43]}
{[%emt 00:01:06]} cxd4 {[%clk 01:32:59]} {[%emt 00:00:13]} 8. Nxd4 {[%clk
01:32:02]} {[%emt 00:00:10]} Nc6 {[%clk 01:33:23]} {[%emt 00:00:07]} 9. Be3
{[%clk 01:31:11]} {[%emt 00:01:20]} Bd7 {[%clk 01:33:44]} {[%emt 00:00:10]} 10.
h3 {[%clk 01:26:49]} {[%emt 00:04:49]} Nxd4 {[%clk 01:33:12]} {[%emt 00:01:03]}
11. Bxd4 {[%clk 01:27:01]} {[%emt 00:00:18]} Bc6 {[%clk 01:33:36]} {[%emt
00:00:07]} 12. Bf3 {[%clk 01:24:10]} {[%emt 00:03:20]} Nd7 {[%clk 01:31:01]}
{[%emt 00:03:06]} 13. Bxg7 {[%clk 01:17:10]} {[%emt 00:07:30]} Kxg7 {[%clk
01:31:29]} {[%emt 00:00:02]} 14. Qd4+ {[%clk 01:17:22]} {[%emt 00:00:17]} Kg8
{[%clk 01:31:24]} {[%emt 00:00:36]} 15. Nd5 {[%clk 01:16:44]} {[%emt 00:01:08]}
Bxd5 {[%clk 01:30:34]} {[%emt 00:01:20]} 16. exd5 {[%clk 01:16:21]} {[%emt
00:00:53]} a5 {[%clk 01:26:46]} {[%emt 00:04:17]} 17. Rfe1 {[%clk 01:11:19]}
{[%emt 00:05:30]} Nc5 {[%clk 01:22:23]} {[%emt 00:04:56]} 18. Bd1 {[%clk
01:09:01]} {[%emt 00:02:47]} Qc7 {[%clk 01:11:43]} {[%emt 00:11:09]} 19. Bc2
{[%clk 01:06:53]} {[%emt 00:02:36]} Rab8 {[%clk 01:04:25]} {[%emt 00:07:51]}
20. a4 {[%clk 00:59:33]} {[%emt 00:07:49]} Rbc8 {[%clk 01:03:33]} {[%emt
00:01:22]} 21. b3 {[%clk 00:54:34]} {[%emt 00:05:28]} Rfe8 {[%clk 00:47:12]}
{[%emt 00:16:52]} 22. Rad1 {[%clk 00:53:06]} {[%emt 00:01:58]} Qb6 {[%clk
00:44:55]} {[%emt 00:02:47]} 23. Qc3 {[%clk 00:52:15]} {[%emt 00:01:18]} Nd7
{[%clk 00:41:06]} {[%emt 00:04:22]} 24. Qg3 {[%clk 00:47:55]} {[%emt 00:04:49]}
Nf6 {[%clk 00:37:15]} {[%emt 00:04:21]} 25. Kh2 {[%clk 00:44:06]} {[%emt
00:04:19]} Qc7 {[%clk 00:28:26]} {[%emt 00:09:20]} 26. f4 {[%clk 00:40:26]}
{[%emt 00:04:09]} Kh8 {[%clk 00:20:37]} {[%emt 00:08:19]} 27. Qg5 {[%clk
00:34:41]} {[%emt 00:06:14]} Qd7 {[%clk 00:18:10]} {[%emt 00:02:59]} 28. Re2
{[%clk 00:31:58]} {[%emt 00:03:12]} Rg8 {[%clk 00:14:28]} {[%emt 00:04:12]} 29.
Rde1 {[%clk 00:31:41]} {[%emt 00:00:47]} Kg7 {[%clk 00:03:36]} {[%emt
00:11:23]} 30. Rxe7 {[%clk 00:31:55]} {[%emt 00:00:15]} Qd8 {[%clk 00:03:50]}
{[%emt 00:00:17]} 31. R1e6 {[%clk 00:31:00]} {[%emt 00:01:24]} 1-0